000 00310nam a22001337a 4500
008 250108b |||||||| |||| 00| 0 eng d
020 _a009145400
050 _aHD69.55
_b.D44
100 _aWood Stephen
245 _aThe Degradation of Work
260 _aLondon
_bHutcman
_c1982
300 _a238p.
942 _cBK
999 _c1908
_d1908